000 00367nam a2200145Ia 4500
008 230718s9999 xx 000 0 und d
041 _aeng
082 _a005.82
_bSCH
100 _aSchneier B.
_9123885
245 _aPractical Cryptogaphy
260 _bJohn Wiley
365 _cRs.
_b329.00
700 _aSchneier B.
_9123885
906 _dB:341326-Mar-2007
_cIT
_b65.8
999 _c316970
_d316970